00956nam a2200253 a 450000100100000000500170001000800410002702000180006804000250008608200170011110000330012824501520016126000600031330000170037349000260039050000320041650500210044860000660046965000700053570000200060570000250062570000260065083000260067600003386020200930070558.0110913s2008 bl 000 0 spa d a9788574401218 aDO-SdBNPbspacBNPHU a869.3bA848c1 aAssis, Machado ded1839-190810aCorrespondencia de Machado de Assis /ccoordenação e orientação reunida, organizada é comentada por Irene Moutinho e Sílva Eleutério. aRio de Janeiro :bAcademia Brasileira de Letras,c2008. av. ;c21 cm.1 aAfrânio Peixotov84 aLa biblioteca posee el v. 10 av. 1 - 1860-186914aMACHADO DE ASSISd1839-1908vCORRESPONDENCIAS, MEMORIAS, ETC. 4aAutores brasileñosySIGLO XIXxCorrespondencias, memorias, etc.12aMoutinho, Irene12aEleutério, Sílva12aRouanet, Sergio Paulo 0aAfrânio Peixoton84